Word Vocabulary - WOR - Statistics

General Stats
  • This quiz has been taken 166 times
  • The average score is 8 of 10
Answer Stats
word % Correct
work
96%
word
92%
wore
86%
worm
86%
worn
84%
wort
83%
worse
65%
worst
63%
world
61%
worth
48%
No matching quizzes found
Score Distribution
Percent of People with Each Score
Percentile by Number Answered
Your Score History
You have not taken this quiz